| 000 | 00680nam a2200181 i 4500 | ||
|---|---|---|---|
| 001 | 98704 | ||
| 003 | ES-MaACL | ||
| 005 | 20230906182343.0 | ||
| 007 | t| | ||
| 008 | 051020s1928 fr ||||1| fre d | ||
| 245 | 0 | 0 |
_aElectrons et photons _b: rapports et discussions du cinquieme Conseil de Physique tenu a Bruxeilles du 24 au 29 octobre 1927. |
| 260 |
_aParis : _bGauthier Villars, _c1928. |
||
| 300 |
_aVIII, 290 p., 1 lám. : _bil. ; _c25 cm. |
||
| 500 | _aPrecede al tit.: Institut International de Physique Solvay. | ||
| 710 | 2 |
_aInstitut International de Physique Solvay. _94763 |
|
| 711 | 2 |
_aConseil de Physique Solvay ( _n5º. _d1927) _9588 |
|
| 852 |
_aES-MaACL _jA-1467 |
||
| 999 |
_c98704 _d98704 |
||